000 01644nam a2200337 4500
003 OSt
005 20240610105018.0
007 cr ||||||a|c|a
008 240425s2024 mx a|||fom||| 001 0 spa d
040 _erda
100 1 _9189021
_aHernández Gayosso, Federico
245 1 0 _aAfectación por plantas parasitas dentro del área de protección de Recursos Naturales Cuenca Hidrográfica del Río Necaxa /
_cpor Federico Hernández Gayosso; director Mario Castelán Lorenzo; secretario Javier Santillán Pérez; vocal Filiberto Zavala Zaragoza; suplente Juan Uriel Avelar Robledo; suplente Elimelec Anzures Vázquez.
264 1 _aChapingo, México :
_bEl autor,
_c2024.
300 _a1 recurso en línea (91 páginas):
_bIlustraciones, cuadros mapas
336 _2rdacontent
_atexto
_btxt
337 _2rdamedia
_acomputadora
_bc
338 _2rdacarrier
_arecurso en línea
_bcr
502 _bIRF
_cIrrigación
_d2024
_gLIC
504 _aIncluye referencias bibliográficas: páginas 84-89
650 4 _9130816
_aPlantas parásitas
_xIdentificación
650 4 _9129987
_aMuérdago
_xControl
650 7 _914366
_aBosques
_xPreservación
650 4 _914369
_aBosques
_xProtección
700 1 _920047
_aCastelán Lorenzo, Mario
_eDirector
700 1 _9102430
_aSantillán Pérez, Javier
_eSecretario
700 1 _9123811
_aZavala Zaragoza, Filiberto
_eVocal
700 1 _9189022
_aAvelar Roblero, Juan Uriel
_eSuplente
700 1 _9189023
_aAnzures Vázquez, Elimelec
_eSuplente
856 _uhttp://10.13.5.2/tesis/tl/0011243-1_HERNANDEZ_GAYOSSO_FEDERICO.pdf
_zDESCARGAR PDF
942 _2Clasificación Universidad Autónoma Chapingo
_cTD
999 _c219884
_d219884